Statistiken für Kabinett Scholz

Klicken Sie hier um das Quiz zu spielen!

Allgemein

  • Dieses Quiz wurde 89 mal gespielt
  • Das Durchschnittsergebnis liegt bei 11 aus 17

Antwortstatistiken

Antwort% Korrekt
Olaf Scholz
100%
Christian Lindner
99%
Annalena Baerbock
97%
Karl Lauterbach
96%
Robert Habeck
94%
Cem Özdemir
85%
Hubertus Heil
79%
Nancy Faeser
65%
Christine Lambrecht
64%
Volker Wissing
57%
Marco Buschmann
56%
Svenja Schulze
47%
Steffi Lemke
43%
Anne Spiegel
42%
Wolfgang Schmidt
39%
Klara Geywitz
36%
Bettina Stark-Watzinger
33%

Verteilung der Resultate

Perzentil nach korrekt beantworteten Fragen

Anzahl Personen mit jedem Resultat

Ihre Resultats-Entwicklung

Sie haben dieses Quiz noch nicht gespielt